[Event "CYCC U10"]
[Site "Calgary CAN"]
[Date "2023.07.21"]
[Round "6.186"]
[White "Singh, Aarav"]
[Black "Christopher, Jack"]
[Result "0-1"]
[WhiteElo "602"]
[BlackElo "867"]
[PlyCount "36"]
[EventDate "2023.07.19"]
[EventType "swiss"]
[EventRounds "7"]
[EventCountry "CAN"]

1. e4 Nf6 2. e5 Nd5 3. Nf3 d6 4. Bc4 Nb6 5. d3 Nxc4 6. dxc4 e6 7. exd6 Bxd6 8.
Nc3 O-O 9. O-O a6 10. Be3 Nc6 11. Ne2 e5 12. Qb1 Bg4 13. Ng5 Bxe2 14. c3 f5 15.
g4 Bxg4 16. Ne6 Qh4 17. Kh1 Bf3+ 18. Kg1 Qg4# 0-1

[Event "CYCC U10"]
[Site "Calgary CAN"]
[Date "2023.07.21"]
[Round "6.189"]
[White "Li, Markus"]
[Black "Syed, Farhaan"]
[Result "1-0"]
[WhiteElo "725"]
[BlackElo "794"]
[PlyCount "133"]
[EventDate "2023.07.19"]
[EventType "swiss"]
[EventRounds "7"]
[EventCountry "CAN"]

1. e4 c6 2. Nc3 d5 3. exd5 cxd5 4. d4 Nc6 5. Bb5 g6 6. h3 a6 7. Bxc6+ bxc6 8.
Nf3 Bf5 9. O-O Nf6 10. Re1 Bg7 11. Ne5 Rc8 12. Na4 O-O 13. Nc5 Qb6 14. c4 Rfd8
15. Na4 Qa7 16. c5 Nd7 17. Bf4 Nxe5 18. Bxe5 Bxe5 19. Rxe5 f6 20. Re3 Re8 21.
Qf3 Rb8 22. b3 Rb4 23. Nb6 Rxd4 24. Qg3 Re4 25. Rf3 Qb8 26. Qxb8 Rxb8 27. g4
Be6 28. Re3 Rxe3 29. fxe3 f5 30. g5 h6 31. h4 hxg5 32. hxg5 Rd8 33. Rd1 Bc8 34.
Kf2 e5 35. Kf3 d4 36. e4 d3 37. Nxc8 Rxc8 38. Rxd3 Kf7 39. exf5 gxf5 40. Rd6 a5
41. Rf6+ Ke7 42. Rxf5 Ke6 43. Ke4 Kd7 44. Rxe5 Ra8 45. g6 a4 46. b4 a3 47. Kf5
Rf8+ 48. Kg5 Re8 49. Rxe8 Kxe8 50. Kh6 Kf8 51. Kh7 Ke7 52. g7 Kf6 53. g8=Q Kf5
54. Qe8 Kf6 55. Kh6 Kf5 56. Qe7 Kf4 57. Qe6 Kf3 58. Qe5 Kg4 59. Qf6 Kg3 60. Qf5
Kh4 61. Qg5+ Kh3 62. Kg6 Kh2 63. Qg4 Kh1 64. Kf5 Kh2 65. Kf4 Kh1 66. Kf3 Kh2
67. Qg2# 1-0

[Event "CYCC U10"]
[Site "Calgary CAN"]
[Date "2023.07.21"]
[Round "6.190"]
[White "Nguyen, Gia Minh"]
[Black "Wu, Freddie"]
[Result "0-1"]
[WhiteElo "658"]
[BlackElo "1337"]
[PlyCount "101"]
[EventDate "2023.07.19"]
[EventType "swiss"]
[EventRounds "7"]
[EventCountry "CAN"]

1. e4 e5 2. Nf3 Nc6 3. Bb5 Nf6 4. Nc3 Bc5 5. O-O O-O 6. d3 d5 7. Bxc6 bxc6 8.
Nxe5 Qd6 9. Nf3 Re8 10. exd5 cxd5 11. d4 Bb6 12. Bg5 c6 13. Re1 Bg4 14. Be3 Bc7
15. g3 Ne4 16. Kg2 Re7 17. h3 Bh5 18. g4 Bg6 19. Ne2 Rf8 20. Bf4 Qd7 21. Bxc7
Qxc7 22. Ng3 Qd6 23. h4 h6 24. h5 Bh7 25. Ne5 Nxg3 26. Kxg3 f6 27. f4 fxe5 28.
fxe5 Qd7 29. Qe2 Qe6 30. b3 Ref7 31. c3 Rf3+ 32. Qxf3 Rxf3+ 33. Kxf3 Be4+ 34.
Kg3 g5 35. hxg6 Qxg6 36. Rf1 h5 37. Rf4 Bc2 38. Kf3 Qd3+ 39. Kg2 Qe2+ 40. Kg3
hxg4 41. Rxg4+ Kf7 42. Rf4+ Ke7 43. Rh1 Qe3+ 44. Rf3 Qg5+ 45. Kf2 Be4 46. Rg1
Qh4+ 47. Rgg3 Qh2+ 48. Ke3 Qh6+ 49. Kf2 Qd2+ 50. Kf1 Bd3+ 51. Rxd3 0-1

[Event "CYCC U10"]
[Site "Calgary CAN"]
[Date "2023.07.21"]
[Round "6.192"]
[White "Tsukerman, Leon"]
[Black "Bhaumik, Rishi"]
[Result "0-1"]
[WhiteElo "661"]
[BlackElo "995"]
[PlyCount "44"]
[EventDate "2023.07.19"]
[EventType "swiss"]
[EventRounds "7"]
[EventCountry "CAN"]

1. e4 e5 2. Nf3 Nc6 3. Bb5 a6 4. Ba4 Bc5 5. O-O b5 6. Bb3 d6 7. d3 Nf6 8. Bg5
Be6 9. Bxe6 fxe6 10. a3 O-O 11. Bxf6 Qxf6 12. b4 Bb6 13. c3 Qg6 14. Nh4 Qg5 15.
g3 Ne7 16. Nd2 Ng6 17. Ndf3 Qg4 18. Kg2 Rf6 19. h3 Nf4+ 20. Kh1 Qxh3+ 21. Kg1
Qxg3+ 22. Ng2 Qxg2# 0-1

[Event "CYCC U10"]
[Site "Calgary CAN"]
[Date "2023.07.21"]
[Round "6.193"]
[White "Levesque, Remi"]
[Black "Schaffer, Gavin"]
[Result "0-1"]
[WhiteElo "914"]
[BlackElo "823"]
[PlyCount "82"]
[EventDate "2023.07.19"]
[EventType "swiss"]
[EventRounds "7"]
[EventCountry "CAN"]

1. e4 e5 2. c3 Qf6 3. d4 Nc6 4. dxe5 Qxe5 5. Bc4 Qxe4+ 6. Be3 Qxg2 7. Bd5 Qg6
8. Qb3 Nf6 9. Bxf7+ Qxf7 10. Qxf7+ Kxf7 11. h4 Ng4 12. Rh3 Nxe3 13. fxe3 Bc5
14. Rf3+ Ke8 15. Na3 Bxa3 16. bxa3 Rf8 17. a4 Rxf3 18. Nxf3 d5 19. Rd1 Bg4 20.
Rxd5 Bxf3 21. a5 Bxd5 22. h5 Nxa5 23. e4 Bxe4 24. a4 g5 25. hxg6 hxg6 26. c4 g5
27. Kf1 Ke7 28. c5 Rg8 29. c6 bxc6 30. Ke2 Bd3+ 31. Kxd3 g4 32. Ke2 Nc4 33. a5
g3 34. a6 g2 35. Kd3 g1=Q 36. Kxc4 Rg5 37. Kd3 Qg3+ 38. Kd4 Qf4+ 39. Kc3 Rg3+
40. Kc2 Qf2+ 41. Kd1 Rg1# 0-1

[Event "CYCC U10"]
[Site "Calgary CAN"]
[Date "2023.07.21"]
[Round "6.195"]
[White "Zhong, Brian"]
[Black "Kwok, Jayden"]
[Result "0-1"]
[WhiteElo "750"]
[BlackElo "757"]
[PlyCount "56"]
[EventDate "2023.07.19"]
[EventType "swiss"]
[EventRounds "7"]
[EventCountry "CAN"]

1. e4 e5 2. Nf3 Nc6 3. Nc3 Nf6 4. Bc4 Nxe4 5. Nxe4 d5 6. Nd6+ Bxd6 7. Bxd5 Ne7
8. Bc4 Bf5 9. d4 exd4 10. Qxd4 Bb4+ 11. c3 Qxd4 12. Nxd4 Bc5 13. Nxf5 Nxf5 14.
O-O O-O 15. h3 Nd6 16. Bd5 c6 17. Bf3 Rfe8 18. Bf4 Rad8 19. Bxd6 Rxd6 20. Rfe1
Rxe1+ 21. Rxe1 h6 22. Re8+ Kh7 23. Be4+ g6 24. Re7 Rd1+ 25. Kh2 Bxe7 26. Bf3
Rd2 27. Be4 Rxb2 28. Bf3 Rxf2 0-1

[Event "CYCC U10"]
[Site "Calgary CAN"]
[Date "2023.07.22"]
[Round "7.162"]
[White "Zhu, Elber"]
[Black "Zhu, Edison"]
[Result "0-1"]
[WhiteElo "1815"]
[BlackElo "1501"]
[PlyCount "54"]
[EventDate "2023.07.19"]
[EventType "swiss"]
[EventRounds "7"]
[EventCountry "CAN"]

1. Nf3 Nf6 2. c4 e6 3. d4 d5 4. Nc3 c5 5. cxd5 Nxd5 6. e4 cxd4 7. Qxd4 Nc6 8.
Bb5 Nxc3 9. Bxc6+ bxc6 10. Qxc3 Qb6 11. O-O Ba6 12. Be3 Qc7 13. Rfc1 Bb7 14.
Bc5 f6 15. e5 Bxc5 16. Qxc5 Qe7 17. Qa5 O-O 18. Qc5 Qxc5 19. Rxc5 Rfd8 20. Re1
f5 21. Ng5 Re8 22. Rd1 h6 23. Nf3 Rad8 24. Rd4 Rxd4 25. Nxd4 Rd8 26. Rc4 c5 27.
Kf1 Ba6 0-1

[Event "CYCC U10"]
[Site "Calgary CAN"]
[Date "2023.07.22"]
[Round "7.163"]
[White "Xu, Ryan"]
[Black "Zhang, Kai Zhongkai"]
[Result "1-0"]
[WhiteElo "1909"]
[BlackElo "1341"]
[PlyCount "103"]
[EventDate "2023.07.19"]
[EventType "swiss"]
[EventRounds "7"]
[EventCountry "CAN"]

1. d4 Nf6 2. c4 e6 3. g3 d5 4. Nf3 Bb4+ 5. Nbd2 O-O 6. Bg2 c5 7. a3 Bxd2+ 8.
Qxd2 cxd4 9. Nxd4 dxc4 10. O-O e5 11. Nb5 Qb6 12. a4 a6 13. Qd6 Nc6 14. Be3 Qd8
15. Qxd8 Rxd8 16. Nc7 Rb8 17. Rac1 Be6 18. Nxe6 fxe6 19. Rxc4 Nd5 20. Rd1 Nxe3
21. Rxd8+ Rxd8 22. fxe3 Rd6 23. Bxc6 Rxc6 24. Re4 Rc5 25. b4 Rd5 26. Rc4 Rd7
27. Rc5 Rd1+ 28. Kf2 Rb1 29. h4 Rb2 30. Kf3 e4+ 31. Kxe4 Rxe2 32. Rc8+ Kf7 33.
Rc7+ Kf6 34. Rxb7 Rb2 35. a5 h6 36. Rb6 Rb3 37. g4 g6 38. Kd4 g5 39. h5 Rb1 40.
Kc3 Rc1+ 41. Kb3 Re1 42. Rxa6 Rxe3+ 43. Ka4 Re4 44. Rb6 Rxg4 45. a6 Rg1 46. Kb5
Ra1 47. Rb8 Kf7 48. Kb6 g4 49. a7 g3 50. a8=Q Rxa8 51. Rxa8 g2 52. Ra1 1-0

[Event "CYCC U10"]
[Site "Calgary CAN"]
[Date "2023.07.22"]
[Round "7.164"]
[White "Yu, Zongyan"]
[Black "Ramesan, Raunak Amit"]
[Result "0-1"]
[WhiteElo "1493"]
[BlackElo "1287"]
[PlyCount "88"]
[EventDate "2023.07.19"]
[EventType "swiss"]
[EventRounds "7"]
[EventCountry "CAN"]

1. e4 e5 2. Nf3 Nc6 3. Bc4 Nf6 4. d3 Be7 5. Nc3 d6 6. h3 h6 7. Be3 Be6 8. Bb3
d5 9. exd5 Nxd5 10. Nxd5 Bxd5 11. Bxd5 Qxd5 12. Qe2 O-O-O 13. O-O g5 14. Nd2 h5
15. Qf3 Qe6 16. Kh2 f5 17. Nb3 g4 18. Qe2 gxh3 19. gxh3 Bd6 20. Bc5 e4+ 21.
Bxd6 Qxd6+ 22. Kh1 exd3 23. cxd3 Qxd3 24. Qe3 f4 25. Qe6+ Kb8 26. Kh2 Qf3 27.
Rg1 Qxf2+ 28. Rg2 Qe3 29. Qxe3 fxe3 30. Re1 Rhe8 31. Rge2 Ne5 32. Kh1 Nd3 33.
Rg1 Nf4 34. Ree1 e2 35. Nc1 b6 36. h4 Rd2 37. b3 Kb7 38. Kh2 Nd5 39. Rg5 Nc3
40. Kg2 Rd1 41. Nxe2 Rxe1 42. Nxc3 R1e5 43. Kf2 Rf8+ 44. Kg2 Ref5 0-1

[Event "CYCC U10"]
[Site "Calgary CAN"]
[Date "2023.07.22"]
[Round "7.165"]
[White "Yao, Lucas"]
[Black "Dunikov, David"]
[Result "1/2-1/2"]
[WhiteElo "1419"]
[BlackElo "1454"]
[PlyCount "87"]
[EventDate "2023.07.19"]
[EventType "swiss"]
[EventRounds "7"]
[EventCountry "CAN"]

1. e4 e5 2. Nf3 Nf6 3. Nc3 Nc6 4. Be2 Be7 5. O-O O-O 6. d4 Nxd4 7. Nxd4 exd4 8.
Qxd4 d6 9. Bf4 Ng4 10. h3 Bf6 11. Qd2 Ne5 12. Nd5 Ng6 13. Nxf6+ Qxf6 14. Be3
Re8 15. Bd3 Ne5 16. Qe2 Qg6 17. Kh2 Bd7 18. f3 Nxd3 19. cxd3 f6 20. Rac1 c6 21.
Bf4 d5 22. Qc2 Rac8 23. Qb3 Be6 24. Qxb7 dxe4 25. dxe4 f5 26. Rxc6 Rxc6 27.
Qxc6 fxe4 28. fxe4 Bxa2 29. Qxg6 hxg6 30. e5 Rf8 31. Kg1 Bb3 32. Be3 Rxf1+ 33.
Kxf1 a6 34. g3 Be6 35. h4 Bg4 36. Ke1 Kf7 37. Kd2 Bd7 38. Kc3 Bb5 39. Kd4 Ke6
40. Ke4 Be2 41. Kf4 Bd3 42. Bc5 Bc4 43. Kg5 Kf7 44. b4 1/2-1/2

[Event "CYCC U10"]
[Site "Calgary CAN"]
[Date "2023.07.22"]
[Round "7.167"]
[White "Bi, William"]
[Black "Dave, Jashank"]
[Result "1-0"]
[WhiteElo "1470"]
[BlackElo "1265"]
[PlyCount "99"]
[EventDate "2023.07.19"]
[EventType "swiss"]
[EventRounds "7"]
[EventCountry "CAN"]

1. e4 e5 2. Nf3 Nc6 3. Bc4 Nf6 4. d3 h6 5. Nc3 Bc5 6. h3 d6 7. Na4 Bb6 8. Nxb6
axb6 9. c3 Be6 10. Bb5 O-O 11. a3 d5 12. exd5 Bxd5 13. O-O Bxf3 14. Qxf3 Qd5
15. Bxc6 bxc6 16. Qf5 Rad8 17. Bxh6 Qxd3 18. Qxe5 Rfe8 19. Qg3 Qxg3 20. fxg3
Re2 21. Bf4 Rxb2 22. Rf2 Rxf2 23. Kxf2 Ne4+ 24. Kg1 Nxc3 25. Bxc7 Rd3 26. Bxb6
Rxg3 27. a4 Nd5 28. Bf2 Rb3 29. a5 Rb8 30. a6 Nc7 31. Bg3 Nxa6 32. Bxb8 Nb4 33.
Rc1 Na6 34. Be5 c5 35. Bf6 g5 36. h4 Kh7 37. hxg5 Kg6 38. g4 Nc7 39. Rxc5 Ne8
40. Rc6 Nxf6 41. Rxf6+ Kh7 42. Kf2 Kg8 43. Kf3 Kh8 44. Rxf7 Kg8 45. g6 Kh8 46.
Kf4 Kg8 47. Kg5 Kh8 48. Kh6 Kg8 49. Rf6 Kh8 50. Rf8# 1-0

[Event "CYCC U10"]
[Site "Calgary CAN"]
[Date "2023.07.22"]
[Round "7.168"]
[White "Vu, Huy Minh"]
[Black "Chua, Zachary"]
[Result "1/2-1/2"]
[WhiteElo "1273"]
[BlackElo "1355"]
[PlyCount "145"]
[EventDate "2023.07.19"]
[EventType "swiss"]
[EventRounds "7"]
[EventCountry "CAN"]

1. d4 d5 2. c4 e6 3. Nc3 Nf6 4. Nf3 Be7 5. Bf4 a6 6. Qc2 Nbd7 7. cxd5 exd5 8.
a3 O-O 9. e3 Nb6 10. Nb5 c6 11. Bc7 Qe8 12. Bxb6 axb5 13. Ne5 Ra6 14. Bc5 Nd7
15. Nd3 Nxc5 16. Nxc5 Bxc5 17. Qxc5 Bf5 18. Qc3 Qe4 19. f3 Qc2 20. Qxc2 Bxc2
21. Kd2 Bb3 22. Kc3 Bc4 23. e4 Re8 24. Bxc4 bxc4 25. exd5 cxd5 26. Rhe1 Rae6
27. Rxe6 Rxe6 28. Kb4 b6 29. Kb5 Kf8 30. a4 Ke7 31. a5 bxa5 32. Kc5 Re2 33.
Kxd5 Rxb2 34. Kxc4 Rc2+ 35. Kd3 Rxg2 36. Rxa5 Rf2 37. Rh5 h6 38. Ke4 Re2+ 39.
Kd5 Ra2 40. Kc6 Rc2+ 41. Rc5 Rxh2 42. d5 Rd2 43. Rc4 f5 44. Rc1 Re2 45. Kc7 Rd2
46. Re1+ Kf7 47. d6 Rc2+ 48. Kd7 h5 49. f4 Rc4 50. Rh1 g6 51. Rf1 h4 52. Rf3
Kf8 53. Ke6 Re4+ 54. Kf6 Rd4 55. Kxg6 Rxd6+ 56. Kxf5 Rh6 57. Kg5 Rh8 58. Rh3
Kf7 59. Kf5 Rh5+ 60. Kg4 Rh8 61. Kg5 Rg8+ 62. Kf5 Rh8 63. Ke5 Rh5+ 64. f5 Ke7
65. Ra3 h3 66. Ra7+ Kd8 67. Ra1 h2 68. Rd1+ Ke7 69. Rh1 Kf7 70. Kd4 Kf6 71. Ke4
Kg5 72. Ke5 Kg4 73. Ke6 1/2-1/2

[Event "CYCC U10"]
[Site "Calgary CAN"]
[Date "2023.07.22"]
[Round "7.169"]
[White "Yin, Andrew"]
[Black "Anish, Diganth"]
[Result "0-1"]
[WhiteElo "1171"]
[BlackElo "1333"]
[PlyCount "104"]
[EventDate "2023.07.19"]
[EventType "swiss"]
[EventRounds "7"]
[EventCountry "CAN"]

1. e4 c5 2. Nc3 d6 3. f4 Nc6 4. Nf3 g6 5. Bb5 Bg7 6. Bxc6+ bxc6 7. O-O e6 8. d3
Ne7 9. Bd2 O-O 10. Qe1 d5 11. e5 f6 12. Qh4 Nf5 13. Qh3 fxe5 14. fxe5 Qc7 15.
Rae1 Qb6 16. Na4 Qb5 17. b3 c4 18. g4 Ne7 19. Nd4 Qb8 20. Rxf8+ Bxf8 21. g5
cxb3 22. axb3 Nf5 23. Nxc6 Qc7 24. Nb4 a5 25. Na2 Qxc2 26. Nb6 Qxd2 27. Rc1 Rb8
28. Rc7 Qe1+ 29. Qf1 Qe3+ 30. Qf2 Qxb6 31. Qxb6 Rxb6 32. Rxc8 Rxb3 33. Nc1 Rb1
34. Kf2 a4 35. Ne2 a3 36. Nf4 Kf7 37. Nxe6 Kxe6 38. Rxf8 a2 39. Re8+ Ne7 40.
Ra8 a1=Q 41. Rxa1 Rxa1 42. d4 Nf5 43. Kf3 Nxd4+ 44. Kf4 Re1 45. Kg4 Nc2 46. h4
d4 47. h5 d3 48. hxg6 d2 49. gxh7 d1=Q+ 50. Kf4 Rf1+ 51. Kg3 Qf3+ 52. Kh2 Rh1#
0-1

[Event "CYCC U10"]
[Site "Calgary CAN"]
[Date "2023.07.22"]
[Round "7.170"]
[White "Yavorskyi, Yevhen"]
[Black "Pan, Julian"]
[Result "1/2-1/2"]
[WhiteElo "1329"]
[BlackElo "990"]
[PlyCount "137"]
[EventDate "2023.07.19"]
[EventType "swiss"]
[EventRounds "7"]
[EventCountry "CAN"]

1. e4 e5 2. f4 d6 3. Nf3 Nc6 4. Nc3 Nf6 5. d3 Bg4 6. Be2 Qd7 7. a4 g6 8. O-O
Bg7 9. h3 Bxf3 10. Bxf3 Nd4 11. Be3 O-O 12. Bxd4 exd4 13. Nb5 c5 14. b3 a6 15.
Na3 d5 16. exd5 Nxd5 17. Bxd5 Qxd5 18. Qg4 f5 19. Qf3 Qxf3 20. Rxf3 b5 21. axb5
axb5 22. Rff1 Ra5 23. c4 dxc3 24. Nc2 Rfa8 25. Rxa5 Rxa5 26. Ra1 Rxa1+ 27. Nxa1
Bd4+ 28. Kf1 Kf7 29. Nc2 Ke6 30. Ke2 Kd5 31. Kf3 c4 32. dxc4+ bxc4 33. b4 h6
34. g3 Bf6 35. h4 h5 36. Ke3 Kc6 37. Na3 Be7 38. Nxc4 Bxb4 39. Kd3 c2 40. Kxc2
Be1 41. Ne5+ Kd5 42. Kd3 Ke6 43. Ke3 Bxg3 44. Nxg6 Kf6 45. Kf3 Be1 46. Ne5 Bxh4
47. Nc6 Be1 48. Nd4 h4 49. Nxf5 Kxf5 50. Kg2 Kg4 51. Kh1 Kh3 52. Kg1 Bc3 53. f5
Bf6 54. Kh1 Kg4 55. Kg2 Kf4 56. Kh1 Ke3 57. Kg2 Ke2 58. Kh1 Kf1 59. Kh2 Be5+
60. Kh1 Kf2 61. f6 Bxf6 62. Kh2 Bg5 63. Kh1 Bd8 64. Kh2 Ba5 65. Kh1 Be1 66. Kh2
Kf3 67. Kh1 h3 68. Kh2 Kg4 69. Kh1 1/2-1/2

[Event "CYCC U10"]
[Site "Calgary CAN"]
[Date "2023.07.22"]
[Round "7.171"]
[White "Dembla, Shabd"]
[Black "Villamar, Flyn"]
[Result "1-0"]
[WhiteElo "1274"]
[BlackElo "984"]
[PlyCount "61"]
[EventDate "2023.07.19"]
[EventType "swiss"]
[EventRounds "7"]
[EventCountry "CAN"]

1. d4 d5 2. c4 e6 3. Nf3 Nc6 4. g3 Nf6 5. Bg2 Bd6 6. O-O O-O 7. Bg5 h6 8. Bxf6
Qxf6 9. Nc3 dxc4 10. e4 Qd8 11. Qa4 Bd7 12. Qxc4 Re8 13. e5 Be7 14. Rad1 Bb4
15. Ne4 Be7 16. Rfe1 Nb4 17. Nc3 Bc6 18. Nd2 Bxg2 19. Kxg2 Nd5 20. Nxd5 exd5
21. Qc3 Bf8 22. f4 Rc8 23. Nb3 b6 24. Qd3 g6 25. a3 h5 26. h3 Qd7 27. Re2 Bh6
28. Rde1 Re7 29. e6 Qa4 30. exf7+ Rxf7 31. Qxg6+ 1-0

[Event "CYCC U10"]
[Site "Calgary CAN"]
[Date "2023.07.22"]
[Round "7.172"]
[White "Mutyalapati, Modith Aaroh"]
[Black "Sheng, Jack"]
[Result "1-0"]
[WhiteElo "1581"]
[BlackElo "890"]
[PlyCount "99"]
[EventDate "2023.07.19"]
[EventType "swiss"]
[EventRounds "7"]
[EventCountry "CAN"]

1. e4 c5 2. Nf3 Nc6 3. c3 d6 4. d4 cxd4 5. cxd4 Bg4 6. d5 Bxf3 7. Qxf3 Ne5 8.
Bb5+ Nd7 9. Nc3 a6 10. Bxd7+ Qxd7 11. O-O g6 12. Qd3 Bg7 13. f4 Nf6 14. h3 e6
15. dxe6 fxe6 16. Rd1 Rd8 17. Be3 Qe7 18. Rac1 O-O 19. Bb6 Rd7 20. Qe3 d5 21.
Bc5 Qf7 22. Bxf8 Bxf8 23. exd5 exd5 24. Kh1 Nh5 25. g3 Bg7 26. Qf3 Nf6 27. a3
h5 28. Kg2 d4 29. Ne2 h4 30. Rxd4 Rxd4 31. Nxd4 hxg3 32. Ne2 Nh5 33. Rf1 Bxb2
34. Nxg3 Nxg3 35. Kxg3 Qe7 36. Qb3+ Kh7 37. Qxb2 Qe3+ 38. Rf3 Qg1+ 39. Qg2 Qe1+
40. Kh2 b5 41. Rg3 Qe6 42. Rg4 Qf7 43. f5 Qc7+ 44. Rg3 gxf5 45. Qf3 Qc2+ 46.
Kh1 Qc1+ 47. Rg1 Qh6 48. Qxf5+ Kh8 49. Qc8+ Kh7 50. Qg8# 1-0

[Event "CYCC U10"]
[Site "Calgary CAN"]
[Date "2023.07.22"]
[Round "7.173"]
[White "Wu, Bowen"]
[Black "Radic, Marko"]
[Result "1/2-1/2"]
[WhiteElo "1417"]
[BlackElo "766"]
[PlyCount "58"]
[EventDate "2023.07.19"]
[EventType "swiss"]
[EventRounds "7"]
[EventCountry "CAN"]

1. e4 e5 2. Nf3 Nc6 3. Bb5 f5 4. d3 fxe4 5. dxe4 Nf6 6. Nc3 Bb4 7. Bg5 Bxc3+ 8.
bxc3 d6 9. h3 h6 10. Bxf6 Qxf6 11. Bxc6+ bxc6 12. Qd3 O-O 13. Qe3 Be6 14. Nd2
Qf4 15. Qxf4 Rxf4 16. O-O Rb8 17. Rfb1 Rff8 18. a3 Rb6 19. Rb4 Rfb8 20. Rab1 c5
21. Rxb6 Rxb6 22. Rxb6 cxb6 23. c4 Kf7 24. Kf1 Ke7 25. Ke2 Kd7 26. Kd3 Kc6 27.
f3 d5 28. Kc3 a5 29. g4 h5 1/2-1/2

[Event "CYCC U10"]
[Site "Calgary CAN"]
[Date "2023.07.22"]
[Round "7.174"]
[White "Deng, Jeffrey"]
[Black "Kovalivskyi, Danylo"]
[Result "1/2-1/2"]
[WhiteElo "837"]
[BlackElo "1277"]
[PlyCount "63"]
[EventDate "2023.07.19"]
[EventType "swiss"]
[EventRounds "7"]
[EventCountry "CAN"]

1. c4 c5 2. e3 Nc6 3. Nf3 Nf6 4. Nc3 d5 5. d4 e6 6. Be2 Bd6 7. O-O O-O 8. Re1
Ne4 9. Qc2 f5 10. Nd2 Qh4 11. g3 Qh6 12. cxd5 Nb4 13. Qd1 Nxc3 14. bxc3 Nxd5
15. c4 Nc3 16. Qc2 Nxe2+ 17. Rxe2 g5 18. Nf1 f4 19. exf4 gxf4 20. dxc5 Bc7 21.
Qe4 Qg6 22. Qxg6+ hxg6 23. Bxf4 Bxf4 24. gxf4 Rxf4 25. Rc1 Rf5 26. Rc3 Rxc5 27.
Rg3 Kg7 28. Nd2 b5 29. Rc3 bxc4 30. Rxc4 Rg5+ 31. Kh1 Bb7+ 32. f3 1/2-1/2

[Event "CYCC U10"]
[Site "Calgary CAN"]
[Date "2023.07.22"]
[Round "7.175"]
[White "Kola, Venkata Saket Reddy"]
[Black "Zhang, Jasper"]
[Result "0-1"]
[WhiteElo "973"]
[BlackElo "1051"]
[PlyCount "68"]
[EventDate "2023.07.19"]
[EventType "swiss"]
[EventRounds "7"]
[EventCountry "CAN"]

1. e4 d5 2. exd5 Qxd5 3. Nc3 Qd6 4. Nb5 Qb6 5. d4 c6 6. Nc3 Nf6 7. Nf3 Bg4 8.
Bc4 e6 9. O-O Nbd7 10. Bb3 Be7 11. Bf4 O-O 12. Qd3 Rac8 13. Ne5 Bf5 14. Nxd7
Nxd7 15. Na4 Qb4 16. Qc3 Qxc3 17. Nxc3 b5 18. a3 a5 19. Rac1 a4 20. Ba2 Nb6 21.
Be3 Rfd8 22. Ne2 Rd7 23. c4 Bd3 24. c5 Bxe2 25. cxb6 Bxf1 26. Kxf1 Bd8 27. d5
exd5 28. Bb1 g6 29. Bd4 Rb7 30. Re1 Bxb6 31. Bf6 Rbb8 32. Re7 Re8 33. Rd7 Ba5
34. Ba2 Re1# 0-1

[Event "CYCC U10"]
[Site "Calgary CAN"]
[Date "2023.07.22"]
[Round "7.176"]
[White "Yang, Larry"]
[Black "Yin, Aiden"]
[Result "0-1"]
[WhiteElo "1170"]
[BlackElo "1300"]
[PlyCount "80"]
[EventDate "2023.07.19"]
[EventType "swiss"]
[EventRounds "7"]
[EventCountry "CAN"]

1. e4 c5 2. Nf3 g6 3. d4 cxd4 4. Nxd4 Nf6 5. Nc3 d6 6. Be3 Bg7 7. f3 a6 8. Bc4
b5 9. Bb3 Bb7 10. Qd2 h5 11. O-O-O Nbd7 12. Kb1 Qc7 13. h4 Rc8 14. Rc1 Ne5 15.
Rhe1 Nc4 16. Bxc4 bxc4 17. Rcd1 Rb8 18. Na4 Bc6 19. Nxc6 Qxc6 20. Nb6 Nd7 21.
Bd4 c3 22. Qd3 Bxd4 23. Qxd4 e5 24. Qxc3 Qxc3 25. bxc3 Nxb6 26. Kc1 Nc4 27. g3
Ke7 28. Rd5 Rb2 29. Kd1 Rxa2 30. Ke2 Rc8 31. Rc1 Na3 32. Ra5 Rxc2+ 33. Rxc2
Nxc2 34. Rxa6 Rxc3 35. Ra7+ Ke6 36. Ra6 Nd4+ 37. Kd2 Rxf3 38. Ra4 Rxg3 39. Ra7
f5 40. exf5+ gxf5 0-1

[Event "CYCC U10"]
[Site "Calgary CAN"]
[Date "2023.07.22"]
[Round "7.177"]
[White "Christopher, Jack"]
[Black "Wang, Lucas"]
[Result "1/2-1/2"]
[WhiteElo "867"]
[BlackElo "1472"]
[PlyCount "91"]
[EventDate "2023.07.19"]
[EventType "swiss"]
[EventRounds "7"]
[EventCountry "CAN"]

1. e4 c5 2. c3 Nf6 3. e5 Nd5 4. d4 cxd4 5. cxd4 Nc6 6. Bc4 Nb6 7. Bb3 d6 8.
exd6 e6 9. d5 exd5 10. Bxd5 Nxd5 11. Qxd5 Qxd6 12. Qxd6 Bxd6 13. Nf3 O-O 14.
O-O Bf5 15. Nc3 Rfe8 16. Be3 Nb4 17. Nd4 Bg6 18. Ncb5 Be5 19. a3 Nc6 20. Nxc6
bxc6 21. Nxa7 Bxb2 22. Ra2 Bf6 23. Nxc6 Bd3 24. Rd1 Bc4 25. Rad2 Rxa3 26. Nd4
Bxd4 27. Rxd4 Be6 28. h3 h6 29. R1d3 Rxd3 30. Rxd3 Bf5 31. Rc3 Re6 32. Rc8+ Kh7
33. Rc7 Rg6 34. Kh2 Be4 35. f3 Bd5 36. Rd7 Bc4 37. Rd2 Re6 38. Bf2 Kg6 39. Bg3
h5 40. Rd6 Kf5 41. Rxe6 fxe6 42. Kg1 g5 43. Kf2 e5 44. h4 gxh4 45. Bxh4 Bd5 46.
Ke3 1/2-1/2

[Event "CYCC U10"]
[Site "Calgary CAN"]
[Date "2023.07.22"]
[Round "7.178"]
[White "Fung, Ryan"]
[Black "Liu, William"]
[Result "0-1"]
[WhiteElo "1096"]
[BlackElo "750"]
[PlyCount "60"]
[EventDate "2023.07.19"]
[EventType "swiss"]
[EventRounds "7"]
[EventCountry "CAN"]

1. e4 c6 2. d4 d5 3. e5 Bf5 4. Bd3 Bxd3 5. Qxd3 e6 6. Nf3 c5 7. O-O c4 8. Qd1
Ne7 9. b3 Ng6 10. bxc4 dxc4 11. Nc3 Bb4 12. Bb2 O-O 13. a3 Bxc3 14. Bxc3 Nc6
15. Rb1 Rb8 16. Re1 Qe7 17. Ra1 Rfd8 18. Qe2 b5 19. a4 b4 20. Bb2 Nxd4 21. Nxd4
Rxd4 22. Rad1 Qd7 23. a5 b3 24. c3 Rd3 25. Bc1 b2 26. Bxb2 Rxb2 27. Qxb2 Rxd1
28. Qb8+ Nf8 29. Kf1 Qd3+ 30. Kg1 Rxe1# 0-1

[Event "CYCC U10"]
[Site "Calgary CAN"]
[Date "2023.07.22"]
[Round "7.179"]
[White "Vigneshwaran, Vidyuth"]
[Black "Maslov, Yan"]
[Result "0-1"]
[WhiteElo "1072"]
[BlackElo "799"]
[PlyCount "118"]
[EventDate "2023.07.19"]
[EventType "swiss"]
[EventRounds "7"]
[EventCountry "CAN"]

1. e4 e5 2. Nf3 Nf6 3. Nxe5 Nc6 4. Nxc6 dxc6 5. Nc3 Bc5 6. Bc4 h5 7. O-O Qd6 8.
Re1 Ng4 9. h3 Bxf2+ 10. Kf1 Bxe1 11. Qxe1 Ne5 12. Bb3 Qf6+ 13. Qf2 Qxf2+ 14.
Kxf2 Be6 15. Bxe6 fxe6 16. d4 Rf8+ 17. Kg1 Ng6 18. Be3 e5 19. Rd1 exd4 20. Bxd4
Rf7 21. a3 Rd8 22. Bxa7 b6 23. Rxd8+ Kxd8 24. a4 Kc8 25. a5 Kb7 26. axb6 cxb6
27. Bxb6 Kxb6 28. b4 Re7 29. g3 h4 30. g4 Nf4 31. Kh2 g5 32. Kg1 Nxh3+ 33. Kg2
Nf4+ 34. Kf3 h3 35. Kg3 Rh7 36. Kh2 Ne6 37. e5 Nd4 38. Ne4 Nf3+ 39. Kh1 h2 40.
c4 Re7 41. Ng3 Rxe5 42. Kg2 Re1 43. Kxf3 h1=Q+ 44. Nxh1 Rxh1 45. b5 cxb5 46.
cxb5 Kxb5 47. Ke4 Rf1 48. Ke5 Rf4 49. Ke6 Rxg4 50. Kf5 Rg1 51. Ke4 Rf1 52. Ke3
g4 53. Ke2 Rf8 54. Ke1 g3 55. Ke2 g2 56. Ke1 g1=Q+ 57. Ke2 Qg3 58. Kd2 Rf2+ 59.
Ke1 Qg1# 0-1

[Event "CYCC U10"]
[Site "Calgary CAN"]
[Date "2023.07.22"]
[Round "7.180"]
[White "Wu, Yihang"]
[Black "Zhang, Eric"]
[Result "1-0"]
[WhiteElo "989"]
[BlackElo "468"]
[PlyCount "103"]
[EventDate "2023.07.19"]
[EventType "swiss"]
[EventRounds "7"]
[EventCountry "CAN"]

1. e4 e5 2. Nc3 Nf6 3. f4 d6 4. Nf3 Nc6 5. Bc4 Be6 6. Bxe6 fxe6 7. fxe5 dxe5 8.
d3 Bc5 9. Bg5 O-O 10. Qd2 Qd6 11. Na4 Nd4 12. Nxd4 Qxd4 13. Nxc5 Qxc5 14. Be3
Qe7 15. O-O Ng4 16. Bg5 Qc5+ 17. Kh1 h6 18. Bh4 Ne3 19. Rxf8+ Rxf8 20. Bf2 Qxc2
21. Bxe3 Qc6 22. Rc1 Qe8 23. Qe2 Qf7 24. Kg1 a6 25. Rf1 Qe7 26. Rxf8+ Qxf8 27.
Qf3 Qb4 28. Qf1 c5 29. Qc1 b6 30. Qc3 Qb5 31. b3 Qd7 32. Qxe5 Qxd3 33. Qxe6+
Kh7 34. Qf5+ Kh8 35. Qf3 Qb1+ 36. Qf1 Qxa2 37. Qd1 Qa5 38. e5 Qc3 39. Bf4 b5
40. e6 Qf6 41. Qe1 Qd4+ 42. Kh1 Qd8 43. e7 Qe8 44. Qe6 c4 45. Bd6 c3 46. Qf5 c2
47. Qxc2 Qf7 48. Qe2 Kh7 49. e8=Q Qxb3 50. Q2e4+ g6 51. Q4e7+ Qf7 52. Q7xf7#
1-0